Применение системного проектирования в среднем профессиональном образовании; Инженерное образование; № 29

Dettagli Bibliografici
Parent link:Инженерное образование: электронный научный журнал/ Ассоциация инженерного образования России (АИОР).— : [Б. и.], 2003-.— 1810-2883
№ 29.— 2021.— [С. 84-94]
Autore principale: Романченко М. К. Михаил Константинович
Ente Autore: Новосибирский колледж пищевой промышленности и переработки
Riassunto:Заглавие с титульного листа
В статье рассматриваются возможности формирования системного проектирования и организации учебной деятельности в образовательных учреждениях профессионального образования, исследуются психолого-педагогические основания системного проектирования, являющиеся необходимостью формирования у педагогических работников понимания сущности системной проектной учебно-методической деятельности, их особенностей, перспектив развития в условиях обновляющейся системы среднего профессионального образования.
The article discusses the possibilities of the formation of system design and the organization of educational activities in educational institutions of vocational education, investigates the psychological and pedagogical foundations of system design, which are the need for educators to form an understanding of the essence of system design educational and methodological activities, their characteristics, development prospects in the context of an updated secondary system. vocational education.
Lingua:russo
Pubblicazione: 2021
Soggetti:
Accesso online:https://old.aeer.ru/files/io/m29/art_8.pdf
Natura: Elettronico Capitolo di libro
KOHA link:https://koha.lib.tpu.ru/cgi-bin/koha/opac-detail.pl?biblionumber=586868

MARC

LEADER 00000naa2a2200000 4500
001 586868
005 20250520165323.0
035 |a (RuTPU)RU\TPU\prd\289460 
035 |a RU\TPU\prd\289456 
090 |a 586868 
100 |a 20220114a2021 k y0rusy50 ca 
101 0 |a rus  |d eng 
102 |a RU 
135 |a drgn ---uucaa 
200 1 |a Применение системного проектирования в среднем профессиональном образовании  |d Application of system design in secondary professional education  |f М. К. Романченко 
215 |a 1 файл (1 262 Кб) 
230 |a Электронные текстовые данные (1 файл : 1 262 Кб) 
300 |a Заглавие с титульного листа 
320 |a [Библиогр.: с. 91-92 (22 назв.)] 
330 |a В статье рассматриваются возможности формирования системного проектирования и организации учебной деятельности в образовательных учреждениях профессионального образования, исследуются психолого-педагогические основания системного проектирования, являющиеся необходимостью формирования у педагогических работников понимания сущности системной проектной учебно-методической деятельности, их особенностей, перспектив развития в условиях обновляющейся системы среднего профессионального образования. 
330 |a The article discusses the possibilities of the formation of system design and the organization of educational activities in educational institutions of vocational education, investigates the psychological and pedagogical foundations of system design, which are the need for educators to form an understanding of the essence of system design educational and methodological activities, their characteristics, development prospects in the context of an updated secondary system. vocational education. 
461 1 |0 (RuTPU)RU\TPU\prd\176632  |x 1810-2883  |t Инженерное образование  |o электронный научный журнал  |f Ассоциация инженерного образования России (АИОР)  |n [Б. и.]  |d 2003- 
463 1 |0 (RuTPU)RU\TPU\prd\289452  |t № 29  |v [С. 84-94]  |d 2021 
510 1 |a Application of system design in secondary professional education  |z eng 
610 1 |a электронный ресурс 
610 1 |a системный подход 
610 1 |a системное проектирование 
610 1 |a технология 
610 1 |a образовательные процессы 
610 1 |a профессиональное образование 
610 1 |a среднее образование 
610 1 |a systems approach 
610 1 |a system design 
610 1 |a design technology 
610 1 |a educational process 
610 1 |a professional education 
700 1 |a Романченко  |b М. К.  |g Михаил Константинович 
712 0 2 |a Новосибирский колледж пищевой промышленности и переработки 
801 1 |a RU  |b 63413507  |c 20090623  |g PSBO 
801 2 |a RU  |b 63413507  |c 20220513  |g PSBO 
856 4 |u https://old.aeer.ru/files/io/m29/art_8.pdf 
856 4 |u https://old.aeer.ru/files/io/m29/art_8.pdf 
942 |c BK